000 00805nam a2200253 4500
001 22059
003 BD-RjUL
005 20211209000748.0
008 140306s1967 enkabcf b 001 0 eng
035 _a(BD-RjUL)22124
040 _aDLC
_cDLC
_dDLC
_dBD-RjUL
_beng
041 _aeng
082 0 0 _a910.0924
_bFRG 1967
100 1 _aFreeman, Thomas Walter.
_917338
245 1 4 _aThe geographer's craft /
_cT. W. Freeman.
260 _aManchester ;
_bManchester U.P. ;
_aNew York :
_bBarnes & Noble,
_cc1967.
300 _axi, 204 p. :
_bill., 4 plates (ports.), maps, tables, diagrs. ;
_c22 cm.
504 _aIncludes bibliographical references and index.
650 0 _aGeography
_xMethodology.
_968137
650 0 _aGeographers.
_968138
942 _2ddc
_cBK
999 _c22059
_d22059